Video Game by Visual Association #3 - Statistics

General Stats
  • This quiz has been taken 44 times
  • The average score is 3 of 16
Answer Stats
Picture Hint Answer % Correct
too easy to hint Skate / Tony Hawk's Pro Skater
83%
souls-like Lies of P
57%
stealth action Metal Gear
54%
open world action adventure Mafia
43%
puzzle platform strategy Lemmings
26%
3D puzzle platform Viewfinder
14%
art horror Scorn
11%
action RPG Gothic
9%
first person shooter Rage
9%
RPG Wasteland
9%
scientific first person shooter Singularity
3%
action RPG The Elder Scrolls IV: Oblivion
3%
survival horror Cry of Fear
0%
first person shooter Serious Sam
0%
survival arcade Vampire Survivors
0%
hack and slash Wet
0%
No matching quizzes found
Score Distribution
Percent of People with Each Score
Percentile by Number Answered
Your Score History
You have not taken this quiz